Click the Southernmost Country - Sudden Death - Statistics

General Stats
  • This quiz has been taken 22 times
  • The average score is 6 of 10
Answers on the Grid
Answers color-coded by a green-red scale on the quiz's grid according to % correct below.
Bosnia and Herzegovina
Serbia
Slovenia
Saint Kitts and Nevis
Saint Lucia
Saint Vincent and the Grenadines
Cameroon
Gabon
Guinea
Afghanistan
Kazakhstan
Pakistan
Finland
Norway
Sweden
Bolivia
Paraguay
Peru
Japan
North Korea
South Korea
Comoros
Mauritius
Seychelles
Andorra
Monaco
San Marino
Costa Rica
Honduras
Nicaragua
 
Answer Stats
Answer % Correct
Gabon
80%
Serbia
80%
Pakistan
73%
Paraguay
60%
Sweden
60%
Japan
53%
Mauritius
53%
Saint Vincent and the Grenadines
47%
Costa Rica
33%
Andorra
20%
No matching quizzes found
Score Distribution
Percent of People with Each Score
Percentile by Number Answered
Your Score History
You have not taken this quiz